000 00517nam a2200181Ia 4500
003 GCL
008 140319s9999 xx 000 0 ara d
040 _aGCL /
_cGCL
082 0 4 _a153
_bص ك
100 1 _aصبحى الجبار
245 1 0 _aكيف تقوى ذاكرتك /
_cصبحى الجبار
260 _a[S.N] :
_bدار المعارف ،
_c1986
300 _a167 ص
490 _aاضواء على حياتك
_v0
650 0 4 _aعلم النفس
650 0 4 _aتقوية الذاكرة
942 _2ddc
_cBK
999 _c53958
_d53958